Statistics for Biggest Cities in China in 1937

Click here to take the quiz!

General Stats

  • This quiz has been taken 30 times
  • The average score is 17 of 25

Answer Stats

ProvincePopulationAnswer% Correct
Hebei1,564,869Peking
100%
Jiangsu3,480,018Shanghai
100%
Guangdong1,156,786Canton
96%
Jiangsu1,013,572Nanking
93%
Hebei1,067,902Tientsin
93%
Sichuan480,821Chengtu
89%
Hubei1,352,639Wuhan
89%
Songjiang431,250Harbin
86%
Liaoning526,879Mukden
86%
Shandong527,150Tsingtao
86%
Sichuan281,272Chungking
82%
Fujian359,205Foochow
79%
Zhejiang576,048Hangchow
79%
Liaoning444,666Dairen
75%
Jiangsu389,797Soochow
64%
Shandong437,438Tsinan
64%
Hunan479,570Changsha
61%
Zhejiang244,151Ningpo
61%
Jiangxi277,362Nanchang
50%
Zhejiang202,700Wenchow
46%
Jiangsu272,209Wusih
46%
Henan303,422Kaifeng
39%
Jiangsu
204,723
Chinkiang
29%
Hebei312,000Paoting
29%
Sichuan201,839Wanhsien
21%

Score Distribution

Percentile by Number Answered

Percent of People with Each Score

Your Score History

You have not taken this quiz